000 00672nam a22002057a 4500
005 20240501172202.0
010 _aENG-138653
020 _a9789390897353
_c495.00
035 _aEN-122185
037 _bDBAD/PUB
082 _a495.00
_21
100 _aDarbari, Nidhi
_965430
245 _aMICROREACHING AND TEACHING SKILLS/
_cBy Nidhi Darbari
250 _a1
260 _aNew Delhi
_bNeelkamal Publications
_c2021
270 _a4764/1, 23, Ansari Road
_bDaryaganj, New Delhi
_e110002
_k011-23244237
_k9811828953
_mneelkamalbooks@gmail.com
300 _axvii+410p.
_c24cm(pbk)
700 _aNayak, Alka
_eForeword
_960036
942 _2ddc
_cEN
_h370.70
_mDAR
999 _c199715
_d199715